[Event "Tan Chin Nam Cup 4th"]
[Site "Beijing"]
[Date "1998.06.09"]
[Round "2"]
[White "Lin, Weiguo"]
[Black "Liang, Chong"]
[Result "1/2-1/2"]
[WhiteElo "2460"]
[BlackElo "2405"]
[Annotator "Avrukh,B"]
[PlyCount "160"]
[EventDate "1998.06.08"]
[EventType "tourn"]
[EventRounds "11"]
[EventCountry "CHN"]
[EventCategory "12"]
[SourceTitle "CBM 066"]
[Source "ChessBase"]
[SourceDate "1998.09.30"]
[SourceVersion "1"]
[SourceVersionDate "1998.09.30"]
[SourceQuality "1"]

1. d4 {Hecht} Nf6 2. Nf3 e6 3. Bg5 c5 4. c3 d5 5. e3 Nc6 6. Nbd2 h6 7. Bh4 Be7
8. Bd3 O-O (8... Qc7 $6 9. Bg3 Qb6 10. Rb1 O-O 11. Ne5 Bd7 12. f4 Rad8 13. O-O
Bc8 14. Bh4 $36 {Stefanova,A-De Waal,M/Lost Boys op 1997 (25)}) (8... Nh5 $6 9.
Bxe7 Qxe7 10. Ne5 Nf6 11. f4 Bd7 12. O-O O-O-O 13. a3 Rdf8 14. b4 c4 15. Bc2
Nxe5 16. dxe5 $14 {Legky,N-Foisor,O/Ticino op 1992 (34)}) (8... Nd7 $5 9. Bg3
O-O 10. O-O f5 11. h3 c4 12. Bc2 b5 13. b3 Bb7 14. bxc4 bxc4 15. Rb1 $14 {
Danielian,O-Landa,K/Cappelle op 1996 (31)}) 9. O-O Nd7 (9... b6 10. Ne5 (10.
dxc5 $5 bxc5 11. e4 Bb7 12. exd5 exd5 13. Re1 Re8 14. a3 Nd7 15. Bg3 Qb6 16. b4
Bf6 $132 {Meduna,E-Zude,A/BL8990 1990 (40)}) 10... Nxe5 (10... Bb7 $6 11. f4
Ne4 12. Bxe7 Nxe7 13. Bxe4 dxe4 14. dxc5 f6 15. Nec4 bxc5 16. Qc2 Bd5 17. b3
$14 {Popov,V-Tseshkovsky,V/St.Petersburg op 1993}) 11. dxe5 Nd7 12. Bxe7 Qxe7
13. f4 Bb7 14. Nf3 f6 15. Nh4 Rfd8 16. Ng6 Qf7 17. exf6 Qxf6 $13 {Gertsyk,
N-Kosak,R/Balatonbereny op 1995}) 10. Bxe7 Qxe7 11. e4 $5 (11. Re1 Rb8 (11...
Rd8 12. Qe2 e5 13. e4 $5 dxe4 14. Bxe4 cxd4 15. cxd4 exd4 16. Rac1 $5 $36 {
Tichy,V-Vokac,M/CSR-ch 1978 (40)}) 12. Qe2 c4 $5 13. Bc2 f5 14. b3 b5 $13 {
Klinger,J-Robatsch,K/AUT-chT 1992}) 11... dxe4 ({Nothing changes} 11... cxd4
12. cxd4 (12. exd5 $6 Nce5 $1 13. dxe6 Nxd3 14. exd7 Qxd7 15. Nxd4 Nxb2 16. Qc2
Na4 $15) 12... dxe4 13. Bxe4 {and arises position from the game.} (13. Nxe4 $6
Qb4 $1 {[%cal Gb4d4,Gb4b2]})) 12. Bxe4 (12. Nxe4 $6 cxd4 13. cxd4 Qb4) 12...
cxd4 13. cxd4 (13. Bxc6 $6 bxc6 14. Nxd4 Bb7 (14... c5 $2 15. Qf3 $1 Bb7 16.
Qxb7 cxd4 17. cxd4 Rab8 18. Qxa7 Rxb2 19. Nc4 $16) 15. Qe2 c5 16. N4f3 Rfd8 $15
) 13... Nb6 ({The same kind of position arises after} 13... Nf6 14. Bxc6 bxc6
15. Rc1 Rb8 16. b3 Bb7 17. Re1 Rfd8 $132 {and it's not so clear where the
knight is better placed.}) 14. Bxc6 bxc6 15. Rc1 Ba6 $6 {Bishop has got
nothing to do on a6 that is why better was} (15... Bd7 16. Ne5 Rac8 17. Ne4
Rfd8 18. Nc5 Be8 19. Qg4 Nd5 $13 {with counterchanses.}) 16. Re1 Rac8 17. Qc2
Rfd8 18. b3 $14 {Black bishop is out of play and this fact gives white certain
preponderence.} Nd5 19. Ne4 $1 Nb4 20. Qc5 Qb7 $1 (20... Qxc5 $6 21. Nxc5 Bb5
22. a3 Nd3 (22... Na6 23. a4 Nxc5 24. Rxc5 Bd3 25. Ne5 $16) 23. Nxd3 Bxd3 24.
Ne5 Ba6 25. Nxc6 Rd7 26. Rc5 $16) 21. Nd6 Rxd6 22. Qxd6 Nd3 23. Ne5 Nxe1 24.
Rxe1 $14 {After removing the knights and the pair of rooks from the board the
difference in the strength between the knight and the bishop has become even
more significient and black's difensive task is not easy at all.} Qc7 25. Qc5
Qb6 26. Rc1 Bb7 (26... Qxc5 $6 27. Rxc5 Bb7 28. Ra5 a6 29. f3 Rd8 30. Ra4 f6
31. Nd3 Kf7 32. Nc5 Bc8 33. Kf2 $16) 27. Qe7 Qc7 28. Qxc7 Rxc7 29. f3 Kf8 30.
Kf2 Ke7 31. Ke3 f6 32. Nd3 Kd6 33. Nc5 Bc8 {Very important thing is that the
pawn is on a7 and it makes the defense much easier in the comparison to the
position with the pawn on a6.} 34. Ne4+ Ke7 35. b4 (35. Rc5 g5 $5 36. Ra5 Bd7
37. Nc5 Be8 38. Ra6 h5 39. b4 h4 $132) 35... Bd7 36. Rc3 Be8 37. Nc5 Kd6 38.
Ne4+ Ke7 39. Ra3 Bg6 40. Nc5 Kd6 41. Ra5 Re7 $6 {After this move black has to
enter rook ending,where white keeps winning chanses.More accurate was} (41...
Be8 42. a4 g5 43. Kd3 Bg6+ 44. Kc4 h5 45. Ra6 Ke7 $132) 42. Ne4+ Bxe4 43. fxe4
e5 44. g4 (44. d5 $5 Rb7 45. a3 cxd5 46. Rxd5+ Ke6 47. Ra5 Kd6 48. Kd3 Rc7 49.
Ra6+ Ke7 50. b5 $14) 44... Rd7 45. h4 exd4+ 46. Kxd4 Kc7+ 47. Ke3 {[%cal Ge3g6]
} Kb6 48. Kf4 Rd2 49. a3 Rf2+ 50. Ke3 Rh2 51. h5 Ra2 52. e5 $5 {Otherwise
white king can't penitrate to g6.} fxe5 53. Ke4 Re2+ 54. Kf5 e4 55. Re5 e3 56.
Re4 (56. Kf4 Re1 57. Rxe3 Rxe3 58. Kxe3 Kb5 59. Kf4 Ka4 60. Kf5 Kxa3 61. Kg6
Kxb4 62. Kxg7 a5 63. g5 a4 64. gxh6 a3 65. h7 a2 66. h8=Q a1=Q+ $11) 56... a5
57. Kg6 Rg2 $1 58. Kxg7 (58. bxa5+ $2 Kxa5 59. Kxg7 e2 60. Kxh6 c5 (60... Rxg4
$6) 61. Kg5 (61. g5 c4 62. g6 c3 63. g7 c2 64. Rxe2 c1=Q+ $19) 61... c4 62. h6
c3 63. h7 c2 64. h8=Q c1=Q+ $40) 58... e2 59. Kxh6 axb4 60. axb4 Rxg4 61. Rxe2
Rxb4 $11 {This position is drawn,but black still has to be accurate.} 62. Kg5
Ra4 63. h6 Ra8 64. h7 Kc5 (64... c5 $5 65. Kf6 c4 66. Rh2 Kc5 (66... c3 $2 67.
h8=Q Rxh8 68. Rxh8 Kc5 69. Ke5 Kc4 70. Ke4 $18) 67. h8=Q Rxh8 68. Rxh8 Kd4 $1
69. Rd8+ Ke4 70. Rc8 Kd3 71. Ke5 c3) 65. Kh6 Kd4 66. Rd2+ Kc3 67. Rg2 {[%cal
Gg2g8]} Rh8 $8 {[#] Hecht: Der schwarze König steht zu gut und der weiße zu
weit weg vom c-Bauern, so daß Schwarz das Remis gelingt.} 68. Rg3+ (68. Rg8 {
Hecht} Rxh7+ 69. Kxh7 c5 70. Kg6 c4 71. Kf5 Kd2 72. Rd8+ Ke2 73. Rc8 Kd3 74.
Kf4 c3 75. Kf3 c2 $11 {siehe Partie}) 68... Kd4 {Hecht:Wichtig ist, daß sich
der schwarze König so postiert, daß er nicht nur den eigenen Freibauern
unterstützen kann, sondern den gegenerischen König von der Annäherung abhält.
Also gehört der schwarze König nicht auf die b-Linie, sondern auf die d-Linie.
Wir wollen das untermauern:} (68... Kb4 $2 {Hecht} 69. Rg8 Rxh7+ 70. Kxh7 c5
71. Kg6 c4 72. Kf5 c3 73. Ke4 c2 74. Rc8 Kb3 75. Kd3 $18) 69. Rg4+ Kd3 70. Rg5
Kd4 71. Rg8 Rxh7+ 72. Kxh7 c5 73. Rd8+ Ke3 74. Rc8 Kd4 75. Rd8+ Ke3 76. Rc8 Kd4
77. Kg6 c4 78. Kf5 c3 79. Kf4 Kd3 80. Kf3 c2 1/2-1/2

[Event "CZE-ch"]
[Site "Zlin"]
[Date "1998.06.20"]
[Round "8"]
[White "Cvek, Robert"]
[Black "Jansa, Vlastimil"]
[Result "1/2-1/2"]
[WhiteElo "2405"]
[BlackElo "2480"]
[Annotator "Avrukh,B"]
[PlyCount "112"]
[EventDate "1998.06.13"]
[EventType "tourn"]
[EventRounds "11"]
[EventCountry "CZE"]
[EventCategory "9"]
[SourceTitle "CBM 066"]
[Source "ChessBase"]
[SourceDate "1998.09.30"]
[SourceVersion "1"]
[SourceVersionDate "1998.09.30"]
[SourceQuality "1"]

1. d4 Nf6 2. Nf3 g6 3. Bg5 Bg7 4. Nbd2 d5 5. e3 O-O 6. Bd3 c5 7. c3 Qb6 8. Rb1
Nc6 9. O-O Re8 10. Re1 (10. b4 cxd4 11. cxd4 a5 $5 (11... Bg4 $5 12. Qb3 (12.
h3 Bxf3 13. Qxf3 a5 $6 14. Bxf6 Bxf6 15. Qxd5 axb4 16. Ne4 $14 {Tseitlin,
M-Kurz,A/Spring op 1989 (39)}) 12... Bxf3 13. Nxf3 e6 14. Rfc1 Rec8 15. a3 Ne8
$5 16. Bf4 Bf8 17. Qa2 a6 $13 {Aldrete,J-De Greiff,B/Buenos Aires olm 1978 (41)
}) (11... Bf5 12. Bxf5 gxf5 13. Bxf6 Bxf6 14. Ne1 $5 (14. a3 e6 15. Nb3 Re7 (
15... Ne7 $5 16. Nc5 Nc8 17. Ne5 Nd6 18. Kh1 Qc7 19. Rc1 Qe7 20. g4 $14 {
Plachetka,J-Sinowjew,J/Oberwart op 1991 (34)}) 16. Nc5 Qd8 17. Qa4 Qf8 18. Rfc1
f4 $6 19. b5 Nd8 20. exf4 $16 {Plachetka,J-Vokac,M/CSR-ch 1988 (37)}) 14... e6
15. Nd3 Qd8 16. Qa4 Ne7 17. Rbc1 Nc8 18. Rc7 $5 Re7 19. Rxe7 Qxe7 20. Rc1 $14 {
Reefschlaeger,H-Podzielny,K/BL8384 1984 (43)}) (11... e5 $5 12. Nxe5 Nxe5 13.
dxe5 Rxe5 14. Bf4 Re8 15. a4 Bd7 16. Nf3 Bg4 17. a5 Bxf3 18. Qxf3 $14 {1/2-1/2
Speelman,J-Sokolov,I/EU-chT 1992}) 12. Qa4 Bd7 13. bxa5 Qxa5 14. Qxa5 Nxa5 {
1/2-1/2 Spassky,B-Gligoric,S/Moscow 1967}) 10... e5 11. Bxf6 Bxf6 12. e4 exd4
13. exd5 Rxe1+ 14. Qxe1 Ne7 15. c4 {This move is definitly better than} (15. d6
$6 Qxd6 16. Ne4 Qf4 17. Qd2 Qxd2 18. Nxf6+ Kg7 19. Nxd2 Kxf6 20. Ne4+ Kg7 21.
Nxc5 dxc3 22. bxc3 b6 $15 {and black has got favourable ending;Lechtynsky,
J-Stohl,I/Tatran Cup 1984 (67)}) 15... Bf5 16. Qe2 (16. Bxf5 Nxf5 17. Ne4 Bg7
18. b4 (18. a3 a5 $5) 18... cxb4 19. Rxb4 Qc7 $132) 16... Qa6 17. Bxf5 gxf5 (
17... Nxf5 $5 18. Ne4 Bg7 $5 (18... Be7 19. b3 Qb6 20. Ng3 Nxg3 21. Qxe7 Nf5
22. Qe2 $14) 19. Nxc5 (19. b3 b6 20. Re1 Rd8) 19... Qxa2 20. Qd3 b5 $1 21. b3
Qa3 22. Ne4 bxc4 23. Qxc4 h6 $132) 18. Qd3 Rd8 {[%cal Ge7d5]} 19. Qb3 (19. b4
$6 cxb4 20. Nxd4 Nxd5 21. Nxf5 (21. Qg3+ Kh8 22. cxd5 Bxd4 $17) 21... Nc3 22.
Re1 $8 Qc6 23. Qc2 Qd7 $15) 19... Ng6 $6 20. Qc2 $5 Ne7 {Admitting mistake on
previous move.} (20... Qxa2 $6 21. Qxf5 Bg7 22. Ng5 Rf8 23. d6 $14) 21. a4 Qd6
22. g3 b6 23. Re1 a6 $132 {Despite the weakness of the f-pawn black keeps
quiet good chanses in forthcoming struggle.} 24. b3 (24. Nb3 $5 {[%cal Gb3c1,
Gc1d3,Gd3f4,Gf4h5]} Rb8 25. Nc1 b5 26. axb5 axb5 27. b3 Bg7 28. Nd3 Ng6 29. Nd2
$36 {[%cal Gf2f4,Gd2f3]}) 24... Rb8 25. Qd3 Rb7 26. Kg2 Qb8 27. Ra1 {Starting
the manuovering!} Qd6 28. Re1 Qb8 29. h3 Qd6 30. Rb1 Kg7 31. Ra1 Qd7 32. Re1
Qd6 33. Rh1 $5 {[%cal Gg3g4]} b5 {Opening the a-file for white rook is quiet
risky,but it's very difficult just to stay on the place.} 34. axb5 axb5 35. Ra1
bxc4 36. bxc4 h6 37. h4 Rb6 38. Qa3 Rb4 39. Qd3 Qb8 40. Ra5 $14 Qd6 41. Ra8 Qd7
42. Qe2 Rb2 43. Ra6 Nc8 (43... Qb7 $6 44. Rxf6 $1 Kxf6 45. Qe5+ Kg6 46. Qd6+
Kh7 47. Qxc5 f4 48. Qxd4 $14) 44. Qd3 Nd6 45. Rc6 f4 $1 $132 {Starting the
attack which proves to be enough for a draw.} 46. Qa3 (46. Rxc5 fxg3 47. fxg3
Qg4 $1 $17) 46... Rc2 (46... Rxd2 $2 47. Nxd2 Nxc4 48. Nxc4 Qxd5+ 49. Qf3 Qxc4
50. Qg4+ $18) 47. Qxc5 Nf5 48. Rc7 Ne3+ $1 49. fxe3 Qg4 50. exf4 Rxd2+ 51. Nxd2
Qe2+ 52. Kh3 h5 $1 $11 53. Qa7 (53. Qa5 Qg4+ 54. Kg2 Qe2+ 55. Kg1 Qe1+ {
[%cal Ge1a5]} 56. Kg2 Qe2+ $11) 53... Qg4+ 54. Kg2 Qe2+ 55. Kh3 (55. Kg1 Qxd2
56. Rxf7+ Kg8 $1 57. Rxf6 Qe1+ $11) 55... Qg4+ 56. Kg2 Qe2+ 1/2-1/2

[Event "Elgoibar 08th"]
[Site "Elgoibar"]
[Date "1998.11.23"]
[Round "3"]
[White "Izeta Txabarri, Felix"]
[Black "Gomez Esteban, Juan Mario"]
[Result "1-0"]
[WhiteElo "2445"]
[BlackElo "2475"]
[Annotator "Avrukh,B"]
[PlyCount "60"]
[EventDate "1998.11.11"]
[EventType "tourn"]
[EventRounds "9"]
[EventCountry "ESP"]
[EventCategory "10"]
[SourceTitle "CBM 069"]
[Source "ChessBase"]
[SourceDate "1999.04.01"]
[SourceVersion "1"]
[SourceVersionDate "1999.04.01"]
[SourceQuality "1"]

1. d4 Nf6 2. Nf3 e6 3. Bg5 Be7 4. Nbd2 d5 5. e3 h6 6. Bh4 b6 7. c3 (7. Bd3 Bb7
8. O-O Nbd7 9. Bxf6 $5 Nxf6 (9... Bxf6 $143 10. e4 $14) 10. Ne5 O-O 11. f4 {
[%csl Ge4]} Ne4 12. Nxe4 dxe4 13. Bc4 {[%cal Gf4f5]} Bd5 14. f5 Bg5 15. Qe2
Bxc4 16. Nxc4 Qd5 17. Ne5 $13 {0-1 Wolf,U-Bauer,C/St. Ingbert 1991/EXT 91op2 
(38)}) (7. Ne5 O-O 8. f4 c5 9. c3 Ne4 $6 (9... Bb7 10. Bd3 Ne4) 10. Bxe7 Qxe7
11. Nxe4 dxe4 12. Bc4 Nd7 13. O-O Nxe5 $2 (13... Bb7 14. Qg4 $36) 14. fxe5 Bb7
15. Qg4 Bd5 16. Bxd5 exd5 17. Rf6 $1 Kh7 18. Raf1 Qc7 19. Rd6 $1 $16 {1-0
Tseitlin,M-Timoshenko,G/Bucharest 1993/CBM 34 (34)}) 7... O-O 8. Ne5 Nfd7 (8...
Bb7 9. Bd3 Nbd7 10. f4 c5 (10... Ne4 $142) 11. Qf3 {[%csl Ge4]} cxd4 (11... Ne4
12. Bxe7 Nxd2 13. Bxd8 Nxf3+ 14. gxf3 $5 Raxd8 15. Ke2 $14 {[%cal Gh1g1,Gg1g7]}
) 12. exd4 Rc8 13. O-O a6 14. Rae1 b5 15. a3 Nb6 16. g4 $36 {0-1 Ramirez,
D-Britez,J/Asuncion 1995/EXT 95op (41)}) 9. Bxe7 (9. Bg3 $143 Nxe5 10. dxe5 (
10. Bxe5 $11) 10... c5 11. Nf3 Ba6 12. Bxa6 Nxa6 13. Qa4 Qc8 $15 {1-0 Verdonk,
R-Plomp,E/Enschede 1993/EXT 93ch (40)}) 9... Qxe7 10. f4 {[%mdl 8]} (10. Ndf3
c5 11. Bd3 Nxe5 12. Nxe5 Ba6 13. Bxa6 Nxa6 14. O-O Rac8 15. Qa4 Qb7 $11 {
0-1 Pehme,M-Vatnikov,J/New York 1993/TD 93\03 (56)}) 10... c5 11. Bd3 Ba6 12.
Bc2 $2 {[%csl Re1][%mdl 16384] After this move white will have a big problems
with their king during all the game.} (12. Bxa6 Nxa6 13. Qa4 $1 (13. O-O Nc7 {
[%cal Gc7e8,Ge8d6]} 14. Qh5 Nf6 15. Qh4 Nce8 {[%csl Ge4][%cal Ge8d6] and black
is OK}) 13... Nxe5 14. fxe5 Nc7 15. O-O $14 {[%csl Gc7]}) 12... Nxe5 13. dxe5 (
13. fxe5 Qh4+ $1 (13... f6 14. exf6 Qxf6 15. Nf3 Nc6 16. Qd2 {[%cal Ge1c1]})
14. g3 Qh3 15. Qf3 f6 16. c4 (16. O-O-O Nd7 $17 {[%csl Rf3]}) 16... Nc6 17.
cxd5 Nb4 18. Bb1 (18. O-O-O cxd4 $19 {[%csl Gc1,Gc2][%cal Ga8c8,Gc2c1]}) 18...
Bd3 $1 19. g4 $8 Qh4+ 20. Qg3 Qxg3+ 21. hxg3 Bxb1 22. Rxb1 exd5 $17) 13... Nc6
14. Nf3 Rfd8 15. Qd2 Rac8 16. Rd1 (16. O-O-O d4 {[%cal Gd4d3]} 17. Be4 $8 dxc3
18. Qxc3 Nb4 19. Kb1 Bb7 (19... Be2 $5 20. Rd2 Rxd2 21. Qxd2 Bc4 22. a3 Rd8 23.
Qc3 Bd5 24. Bxd5 Nxd5 25. Qc1 $15) 20. Bc2 Bd5 21. Bb3 Bxb3 22. Qxb3 Qb7 $1 $17
23. Qc4 $2 b5 $19) 16... f6 17. Qf2 fxe5 18. fxe5 d4 $1 19. exd4 cxd4 20. Nxd4
(20. cxd4 $2 Qb4+ 21. Qd2 (21. Rd2 Nxe5 22. Nxe5 Rxc2 $19 {[%csl Re1]}) 21...
Nxd4 22. Nxd4 Rxd4 23. Qxb4 Rxb4 24. Bb3 Re4+ 25. Kf2 Rf8+ 26. Kg1 Rxe5 $17)
20... Nxd4 (20... Nxe5 {[%csl Ge1]} 21. Qg3 $1 (21. Be4 $2 Rf8 22. Qg3 Qf6 23.
Bc2 Nc4 $17) 21... Qf6 (21... Nc4 $2 22. O-O Nxb2 $140 $2 23. Qg6 $18) (21...
Rc5 22. Kd2 $1 {[%cal Gd2c1] and white is even better.}) 22. Rd2 {[%cal Gd2f2]}
) 21. Rxd4 Rxd4 22. Qxd4 Qg5 23. Qd2 Qg4 (23... Qxe5+ $2 24. Kd1 $14 {[%cal
Gh1e1]}) 24. b3 Rf8 25. c4 {Only now white managed to close black's bishop on
a6,but still they have some problems with their king.} Qh5 26. Qe2 (26. Qe3 $5)
26... Qh4+ (26... Qg5 27. Qe4 Rf4 28. Qa8+ (28. Qh7+ Kf7 {[%csl Re5]}) 28...
Rf8 29. Qe4 $11) 27. g3 Qd4 28. Qe4 $1 Qc3+ (28... Qf2+ $2 29. Kd1 {and black
forced to play} Qf3+ 30. Qxf3 Rxf3 31. Ke2 {[%cal Gh1d1] with winning endgame
for white}) 29. Ke2 Rf3 $2 {[%mdl 8192]} (29... Rf5 30. Qa8+ Rf8 31. Bh7+ $140
$2 (31. Qe4 $11) 31... Kxh7 32. Qxf8 Qxe5+ 33. Kf2 (33. Kd2 Qd4+ $19) 33...
Qd4+ {[%csl Gh1]}) 30. Rd1 Re3+ (30... Rf5 31. Qa8+ Rf8 32. Bh7+ Kxh7 33. Qxf8
Qxe5+ 34. Kf1) 1-0

[Event "CZE-ch"]
[Site "Zlin"]
[Date "1998.06.13"]
[Round "1"]
[White "Konopka, Michal"]
[Black "Voloshin, Leonid"]
[Result "1-0"]
[WhiteElo "2445"]
[BlackElo "2420"]
[Annotator "Avrukh,B"]
[PlyCount "149"]
[EventDate "1998.06.13"]
[EventType "tourn"]
[EventRounds "11"]
[EventCountry "CZE"]
[EventCategory "9"]
[SourceTitle "CBM 066"]
[Source "ChessBase"]
[SourceDate "1998.09.30"]
[SourceVersion "1"]
[SourceVersionDate "1998.09.30"]
[SourceQuality "1"]

1. Nf3 d5 2. d4 c6 3. Bg5 Nf6 4. e3 Qb6 5. b3 (5. Qc1 Bf5 6. Nbd2 (6. Be2 Nbd7
7. O-O e6 8. Nbd2 (8. c4 $5 Be7 9. Nc3 h6 10. Bf4 O-O 11. c5 Qd8 12. h3 Ne4 13.
b4 $14 {Kurtenkov,A-Donev,I/Elenite op 1986 (37)}) 8... h6 9. Bh4 Be7 10. Bd3
Bxd3 11. cxd3 O-O 12. Qc3 a5 13. Ne5 Nxe5 14. dxe5 Bb4 15. Qc2 Nd7 $132 {
Bellin,J-Nielsen,P/Arnold Cup 1993/1/2-1/2 (79)}) 6... Ne4 7. Nxe4 Bxe4 8. Nd2
Bf5 9. Be2 e6 10. O-O c5 11. dxc5 Bxc5 12. Nb3 Bd6 13. c4 dxc4 14. Qxc4 Nc6 $11
{Kovacs,G-Karsa,L/HUN-chT1 1995}) (5. Nbd2 $5 Qxb2 6. Bd3 Qb6 7. O-O e6 8. c4
Be7 9. Qe2 Qd8 10. Rfd1 Nbd7 11. Rac1 $44 {Ye Rongguang-Qian Ji Fu/Beijing op
1993 (28)}) 5... Ne4 6. Bf4 (6. Bh4 Bg4 7. Be2 e6 8. O-O Bd6 $6 9. c4 dxc4 10.
bxc4 c5 11. Qc2 Nf6 12. Nc3 $14 {Yepes Martinez,E-Soler/Barbera op 1993 (32)})
6... Bg4 (6... Qa5+ 7. Nbd2 $4 (7. Nfd2) 7... e5 $1 8. Bxe5 Nc3 9. Qc1 Ba3 {
[%csl Rc1] 0-1 Lahlum,H-David,E/Peer Gynt 1990}) 7. Be2 e6 8. O-O Be7 9. h3 Bh5
10. Nfd2 $5 {This move also doesn't lead white to any advantage,but it gives
at least chanse to fight for it.Nothing promises} (10. c4 Nd7 11. Qc2 O-O 12.
Nc3 Nxc3 13. Qxc3 Nf6 $11) 10... Bxe2 11. Qxe2 Nxd2 12. Nxd2 O-O $11 (12... c5
$6 13. c4 $1 cxd4 14. cxd5 exd5 15. exd4 $6 (15. Qg4 $5 Qe6 $5 (15... dxe3 $6
16. Qc8+ $5 Bd8 17. Bxe3 Qc6 18. Rac1 $1 Qxc8 19. Rxc8 Kd7 20. Rfc1 Re8 21. Nf3
$44 {[%cal Gc8a8]}) 16. Qxg7 (16. Qxe6 $6 fxe6 17. exd4 Nc6 18. Nf3 Bf6 19.
Rad1 Rc8 $15) 16... Bf6 17. Qg4 (17. Qg3 $5 dxe3 18. Rae1 e2 19. Bxb8 $1 (19.
Qd3 exf1=Q+ 20. Kxf1 Nc6 21. Qxd5 (21. Rxe6+ fxe6 22. Qb5 O-O-O $15) 21... Be5
$1 22. Qxe6+ fxe6 23. Bxe5 Nxe5 24. Rxe5 Kd7 $15) 19... Be7 20. Nf3 exf1=Q+ 21.
Kxf1 Qa6+ 22. Kg1 $40) 17... dxe3 18. Rae1 Qxg4 19. hxg4 Nc6 20. Rxe3+ $14)
15... Nc6 16. Bd6 O-O $1 17. Bxe7 Rfe8 18. Nf3 Rxe7 19. Qd2 Rae8 $15) 13. c4 a5
$5 (13... Nd7) 14. a3 Nd7 15. Rfb1 Rfc8 (15... c5 $5 16. cxd5 exd5 17. dxc5
Nxc5 18. Be5 Qe6 19. Bd4 Ne4 $11) 16. c5 Qa7 17. Qd1 (17. Nf3 $6 b6 18. cxb6
Qxb6 $15) 17... e5 $5 (17... b6 18. b4 axb4 19. axb4 Qb7 20. Nf3 Rxa1 21. Rxa1
Ra8 $11) 18. Bg3 exd4 19. exd4 Bf6 (19... b6 $5 20. cxb6 Qxb6 21. Nf3 c5 22.
dxc5 Rxc5 $132) 20. Nf3 Qa6 21. b4 axb4 22. axb4 Qc4 23. Ra5 h6 24. Rba1 Rxa5
25. bxa5 Qa6 26. Qc2 Re8 27. Ra2 Qc4 $6 {This exchange doesn't cause black any
troubles,but now black becomes the defesive side.} (27... Re6 $11) 28. Qxc4
dxc4 29. Rc2 Ra8 $2 {This is already mistake.Accurate} (29... Bd8 $1 30. Rxc4 (
30. Rb2 c3 (30... Bxa5 31. Rxb7 Nf6 32. Ra7 $5 (32. Ne5 $2 c3 33. Nxc6 c2 34.
Bf4 Re1+ 35. Kh2 Nd5 $1 $17) 32... Bd8 33. Ra4 c3 34. Ne5 Nd5 35. Kf1 c2 36.
Rc4 Nb4 $13) 31. Rxb7 c2 32. Bf4 Nf6 33. a6 Nd5 34. Bc1 $16) 30... Bxa5 31. Ra4
b6 32. cxb6 Bxb6 $11 {would keep the position balanced.}) (29... Re4 $6 30.
Rxc4 Bd8 31. Rb4 $1 Nxc5 32. Rxb7 $3 Nxb7 33. a6 {[%cal Ga6a8]} Bh4 34. a7 Re8
35. Bb8 $1 $18) 30. Bc7 $1 $14 Nf8 $6 ({It was nessasary to play} 30... Rc8 $1
31. Bb6 Nxb6 32. axb6 Ra8 33. Rxc4 Ra2 $1 34. g4 (34. d5 cxd5 35. c6 bxc6 36.
Rxc6 Rb2 $14) 34... Kf8 35. Kg2 Ke7 $44 {with good chanses to hold the
position.}) 31. Rxc4 $16 {Now white is a clear pawn up and this should be
enough to win the game.} Ne6 32. Bb6 Nf4 33. Rc2 Re8 34. Kf1 Re7 $6 {Letting
white to exchange the bishop,which is totally out of play.Better was} (34... g5
$5 35. Rb2 $5 Ne6 36. Rb4 Re7 37. g3 Kg7 $14 {with good chanses to save the
game.}) 35. Bd8 Re8 36. Bxf6 gxf6 37. h4 Ra8 38. g3 Nd5 39. Rb2 Rxa5 40. Rxb7 {
The character of the position has changed and now the game enters new phase.}
Ra1+ 41. Kg2 Ra2 42. Kg1 Ra1+ 43. Kg2 Ra2 44. Rb3 h5 45. Rd3 Kg7 {It's not so
clear how white can improve the position,but black decides to come with the
king to the center and it gives white an additional chanses.} 46. Rd2 Ra4 47.
Ng1 Kg6 48. Ne2 Kf5 49. Rb2 Ke4 50. Rb8 Kd3 51. Re8 $5 (51. Kf3 Ra3 52. Re8)
51... f5 52. Re5 f6 53. Re6 Ra6 54. Kh2 Kc4 55. Kh3 Kd3 56. Kg2 Kc4 57. Rd6 Ra2
58. Nf4 $5 Ne3+ ({Deserved attention} 58... Kxd4 $5 59. Nxd5 (59. Rxc6 Nxf4+
60. gxf4 Ra5 61. Rxf6 Rxc5 62. Rh6 Ke4 $14) 59... cxd5 (59... Kxc5 $2 60. Nc3
Rc2 61. Rxf6 Rxc3 62. Rxf5+ Kd4 63. Rxh5 $18) 60. Rxf6 Ke5 $1 61. Rf8 d4 62. c6
Rc2 63. Re8+ Kd5 {with significient chanses of survival.}) 59. Kf3 Ng4 (59...
Nc2 60. Nxh5 (60. Ne6 $2 Ne1+ 61. Ke3 Ng2+ 62. Kf3 Ne1+ $11) 60... Nxd4+ 61.
Kg2 Kxc5 62. Rxf6 Kb4 63. Nf4 $18) 60. Nh3 Ra3+ 61. Kf4 Rd3 62. Kxf5 $18 {
The knights endgame is easily wining for white.} Rxd4 63. Rxd4+ Kxd4 64. Kg6
Kxc5 65. Kxh5 Ne5 66. f4 Nd7 67. Kg6 Kd4 68. h5 c5 69. Nf2 Ke3 70. Nd1+ Kd2 71.
Nb2 Kc2 72. Nc4 Kd3 73. Nd6 Ke3 74. Kf7 Kf3 75. h6 1-0